000 00451pab a2200169 454500
008 180718b1995 xxu||||| |||| 00| 0 eng d
100 _aYadav, Dharm Raj
245 _aEconomics and ethics - a Gandhian view
260 _c1995
300 _ap.19-38
362 _aSpring
650 _aGandhi, M.K. - Criticism and interpretation
650 _aGandhi on ethics
650 _aGandhi on economics
773 _aGandhian Perspective
909 _a30698
999 _c30698
_d30698